A carregar...
A guide to Scientific Writing
| Autor principal: | |
|---|---|
| Formato: | Printed Book |
| Idioma: | English |
| Publicado em: |
Melbourne, Longman
1995 |
| Edição: | Ed.2 |
| Assuntos: |
| LEADER | 005510000a22002050004500 | ||
|---|---|---|---|
| 020 | |a 0582803128 | ||
| 041 | |a eng | ||
| 082 | |a 808.066 5 N5 | ||
| 100 | |a Lindsay, David |9 124463 | ||
| 245 | |a A guide to Scientific Writing | ||
| 250 | |a Ed.2 | ||
| 260 | |a Melbourne, Longman | ||
| 260 | |a 1995 | ||
| 465 | |a R 7.99 | ||
| 650 | |a Scientific Writing |9 124464 | ||
| 650 | |a Technical Writing |9 124465 | ||
| 650 | |a Thesis |9 124466 | ||
| 942 | |c BK | ||
| 999 | |c 169332 |d 169328 | ||
| 952 | |0 0 |1 0 |4 0 |7 0 |9 167739 |a SPS |b SPS |d 2019-04-16 |l 0 |p SPS02921 |r 2019-04-16 |w 2019-04-16 |y BK | ||